Wird geladen...

Liberation theology: its impact on Kerala politics and society

Bibliographische Detailangaben
Hauptverfasser: Cyriac Thomas; Guide, Joseph, K M; Researcher
Format: Ph.D Thesis
Veröffentlicht: Kottayam, Mahatma Gandhi University 1997
Ausgabe:Ph.D
Schlagworte:
LEADER 009470000a22002650004500
082 |a 230.046 095 483 N7 
100 |a Cyriac Thomas; Guide 
100 |a Joseph, K M; Researcher 
245 |a Liberation theology: its impact on Kerala politics and society 
250 |a Ph.D 
260 |a Kottayam, Mahatma Gandhi University 
260 |c 1997 
460 |a 321p 
500 |a Includes bibliographical references 
500 |a K.M.Joseph;Guided by Dr.Cyriac Thomas 
500 |a P G & Research Department of Politics, St Thomas college Pala, Kerala  |e IN 
650 |a Christianity 
650 |a Civil rights 
650 |a Dissertations, Academic (Ph.D) 
650 |a Liberation theology 
650 |a Religious aspects 
650 |a Thesis (Ph.D)-Religion 
942 |c BK 
999 |c 34696  |d 34696 
952 |0 0  |1 0  |4 0  |6 230_046000000000000_095_483_N7  |7 0  |8 THES  |9 35017  |a MGUL  |b MGUL  |d 2013-07-16  |l 0  |o 230.046 095 483 N7  |p T00492  |r 2013-07-16  |w 2013-07-16  |y THES